书目信息 |
| 题名: |
学校德育与班主任专业成长
|
|
| 作者: | 齐学红 著 | |
| 分册: | ||
| 出版信息: | 上海 华东师范大学出版社 2018 |
|
| 页数: | 220页 | |
| 开本: | 23cm | |
| 丛书名: | 大夏书系 | |
| 单 册: | ||
| 中图分类: | G631 , G635.16 | |
| 科图分类: | ||
| 主题词: | 中小学--德育工作--研究 , 中小学--班主任工作--研究 | |
| 电子资源: | ||
| ISBN: | 978-7-5675-6928-7 | |
| 000 | 01281oam2 2200301 450 | |
| 001 | 1905 | |
| 005 | 20180522152521.52 | |
| 010 | @a978-7-5675-6928-7@dCNY45.00 | |
| 100 | @a20180412d2018 em y0chiy50 ea | |
| 101 | 0 | @achi |
| 102 | @aCN@b310000 | |
| 105 | @ak az 000yy | |
| 200 | 1 | @a学校德育与班主任专业成长@9xue xiao de yu yu ban zhu ren zhuan ye cheng zhang@f齐学红著 |
| 210 | @a上海@c华东师范大学出版社@d2018 | |
| 215 | @a220页@d23cm | |
| 225 | 2 | @a大夏书系@i有效德育 |
| 314 | @a齐学红,教育学博士,教授。2003年进入南师大教科院教育系工作,现任南京师范大学教育科学学院班主任研究中心主任,中国教育学会教育社会学专业委员会理事,江苏省教育学会班主任专业委员会理事长。 | |
| 320 | @a有书目 | |
| 330 | @a《大夏书系·学校德育与班主任专业成长》从学校德育研究、班主任制度与班主任专业化研究、班主任的实践智慧等方面深入系统地探讨了班主任如何实现自身的成长,作者以深厚的理论功底、科学有效的实地考察等方式,为广大班主任提供了更宽广的思考维度和实操技巧。是中小学班主任提升班级管理能力的必备。 | |
| 461 | 0 | @12001 @a大夏书系 |
| 462 | 0 | @12001 @a有效德育 |
| 606 | 0 | @a中小学@x德育工作@x研究 |
| 606 | 0 | @a中小学@x班主任工作@x研究 |
| 690 | @aG631@v5 | |
| 690 | @aG635.16@v5 | |
| 701 | 0 | @a齐学红@9qi xue hong@4著 |
| 801 | 0 | @aCN@b91MARC@c20180412 |
| 905 | @aMuseLib@dG631@e494 | |
| 学校德育与班主任专业成长/齐学红著.-上海:华东师范大学出版社,2018 |
| 220页;23cm.-(大夏书系.有效德育) |
| ISBN 978-7-5675-6928-7:CNY45.00 |
| 《大夏书系·学校德育与班主任专业成长》从学校德育研究、班主任制度与班主任专业化研究、班主任的实践智慧等方面深入系统地探讨了班主任如何实现自身的成长,作者以深厚的理论功底、科学有效的实地考察等方式,为广大班主任提供了更宽广的思考维度和实操技巧。是中小学班主任提升班级管理能力的必备。 |
| ● |
| 相关链接 |
|
|
|
|
正题名:学校德育与班主任专业成长
索取号:G631/494
 
预约/预借
| 序号 | 登录号 | 条形码 | 馆藏地/架位号 | 状态 | 备注 |
| 1 | 1107163 | 211071631 | 第一样本阅览室/ [索取号:G631/494] | 在馆 | |
| 2 | 1107164 | 211071640 | 教育系资料室/ [索取号:G631/494] | 在馆 | |
| 3 | 1107165 | 211071659 | 教育系资料室/ [索取号:G631/494] | 在馆 | |
| 4 | 1107166 | 211071668 | 第四借阅区/ [索取号:G631/494] | 在馆 |